000 00324nam a2200121Ia 4500
008 190216s9999||||xx |||||||||||||| ||und||
100 _aGupta S C And Kapoor V K
245 0 _aFundamentals Of Mathematical Statistics
260 _bNew Age International Publishers
_c1978
300 _a905p
650 _aEconomics
942 _cBK
999 _c4717
_d4717